• 首页
  • 本馆介绍
  • 公告通知
  • 最新文献
  • 馆藏检索
  • 电子资源
  • 读者导购
  • 参考咨询
  • 我的图书馆
  • 登录
  • 详细信息显示
  • 放入我的书架
  • 预约/预借图书
  • 作者相关作品
  • 分类相关作品
  • 丛书相关作品
  • 出版社相关作品

书目信息

  • 表格格式
  • 工作单格式
  • 卡片格式
题名:
艺术铸造
    
 
作者: 万红 主编
分册:  
出版信息: 武汉   华中科技大学出版社  2019.10
页数: 196页
开本: 26cm
丛书名:
单 册:
中图分类: J526.1
科图分类:
主题词: 金属器物--铸造--工艺美术--中国--高等学校--教材
电子资源:
ISBN: 978-7-5680-5825-4
000 01126nam0 2200289 45
001 489723
005 20140818103249.0
010    @a978-7-5680-5825-4@dCNY35.00
099    @aCAL 012019175564
100    @a20191213d2019 em y0chiy0110 ea
101 0  @achi
102    @aCN@b420000
105    @aa a 000yy
106    @ar
200 1  @a艺术铸造@Ayi shu zhu zao@d= Art casting@f万红主编@zeng
210    @a武汉@c华中科技大学出版社@d2019.10
215    @a196页@c图@d26cm
300    @a江西省艺术科学规划项目CS201903257
320    @a有书目 (第193-196页)
330    @a本书是一本全面、系统介绍中国艺术铸造制造技术发展过程, 及国内、国外艺术铸造制造技术发展趋势, 针对艺术铸造中应用的新材料, 新工艺, 新设备, 新方法, 进行论述 ; 同时, 从铸造专业的角度鉴赏中国古代青铜器, 其雄伟的造型、古朴的纹饰、丰富多彩的铭文和精湛的铸造工艺来论述。
333    @a普通高等院校材料成型及控制工程专业“十三五”规划教材
510 1  @aArt casting@zeng
606 0  @a金属器物@x铸造@x工艺美术@y中国@x高等学校@j教材
690    @aJ526.1@v5
701  0 @a万红@Awan hong@4主编
801    @aCN@b江苏凤凰@c20211018
905    @b1356124-6@dJ526.1@e618@f3
    
    艺术铸造= Art casting/万红主编.-武汉:华中科技大学出版社,2019.10
    196页:图;26cm
    江西省艺术科学规划项目CS201903257.-使用对象:普通高等院校材料成型及控制工程专业“十三五”规划教材
    
    ISBN 978-7-5680-5825-4:CNY35.00
    本书是一本全面、系统介绍中国艺术铸造制造技术发展过程, 及国内、国外艺术铸造制造技术发展趋势, 针对艺术铸造中应用的新材料, 新工艺, 新设备, 新方法, 进行论述 ; 同时, 从铸造专业的角度鉴赏中国古代青铜器, 其雄伟的造型、古朴的纹饰、丰富多彩的铭文和精湛的铸造工艺来论述。
●
相关链接 在E读中查询图书 在五车中查询图书 在当当中查询图书 在豆瓣中查询图书


正题名:艺术铸造     索取号:J526.1/618         预约/预借

序号 登录号 条形码 馆藏地/架位号 状态 备注
1 1356124   213561242   第一样本阅览室/ [索取号:J526.1/618] 在馆    
2 1356125   213561251   第一借阅区/ [索取号:J526.1/618] 在馆    
3 1356126   213561260   第一借阅区/ [索取号:J526.1/618] 在馆    
唐山师范学院图书馆 欢迎您!
大连网信软件有限公司© 版权所有